ARRUPE JESUIT UNIVERSITY

CORONAVIRUS -STOP THE SPREAD - CLEAN,DISINFECT,COVER

Man : (Record no. 125671)

MARC details
000 -LEADER
fixed length control field 00955cam a2200301 i 4500
001 - CONTROL NUMBER
control field 3166709
003 - CONTROL NUMBER IDENTIFIER
control field ARRUPE
005 - DATE AND TIME OF LATEST TRANSACTION
control field 20161108081523.0
008 - FIXED-LENGTH DATA ELEMENTS--GENERAL INFORMATION
fixed length control field 750701s1974 enk b 000 0 eng
010 ## - LIBRARY OF CONGRESS CONTROL NUMBER
LC control number 75317316
015 ## - NATIONAL BIBLIOGRAPHY NUMBER
National bibliography number GB75-06169
020 ## - INTERNATIONAL STANDARD BOOK NUMBER
International Standard Book Number 0281027951 :
Terms of availability £2.50.
International Standard Book Number 0281028044
040 ## - CATALOGING SOURCE
Original cataloging agency DLC
Transcribing agency DLC
Modifying agency DLC
041 1# - LANGUAGE CODE
Language code of text/sound track or separate title engger
050 00 - LIBRARY OF CONGRESS CALL NUMBER
Classification number BT701.2
Item number .M5613 1974b
082 00 - DEWEY DECIMAL CLASSIFICATION NUMBER
Classification number 233
300 ## - PHYSICAL DESCRIPTION
Dimensions 21 cm.
100 1# - MAIN ENTRY--PERSONAL NAME
Personal name Moltmann, Jürgen.
9 (RLIN) 27283
240 10 - UNIFORM TITLE
Uniform title <a href="Mensch.">Mensch.</a>
Language of a work English
245 10 - TITLE STATEMENT
Title Man :
Remainder of title Christian anthropology in the conflicts of the present /
Statement of responsibility, etc Jürgen Moltmann ; translated [from the German] by John Sturdy.
260 ## - PUBLICATION, DISTRIBUTION, ETC. (IMPRINT)
Place of publication, distribution, etc London :
Name of publisher, distributor, etc S.P.C.K.,
Date of publication, distribution, etc 1974.
300 ## - PHYSICAL DESCRIPTION
Extent xi, 124 p. ;
500 ## - GENERAL NOTE
General note Translation of Mensch.
504 ## - BIBLIOGRAPHY, ETC. NOTE
Bibliography, etc Includes bibliographical references.
650 #0 - SUBJECT ADDED ENTRY--TOPICAL TERM
Topical term or geographic name as entry element Man (Theology)
9 (RLIN) 27284
700 ## - ADDED ENTRY--PERSONAL NAME
Personal name Sturdy, John
Fuller form of name tr.
9 (RLIN) 27330
906 ## - LOCAL DATA ELEMENT F, LDF (RLIN)
a 7
b cbc
c orignew
d 3
e ncip
f 19
g y-gencatlg
942 ## - ADDED ENTRY ELEMENTS (KOHA)
Source of classification or shelving scheme Library of Congress Classification
Koha item type Monograph ( Printed materials)
Holdings
Withdrawn status Lost status Source of classification or shelving scheme Damaged status Not for loan Collection code Home library Current library Shelving location Date acquired Total Checkouts Full call number Barcode Date last seen Price effective from Koha item type
    Library of Congress Classification     Main Collection ARRUPE LIBRARY ARRUPE LIBRARY Main Collection 03/11/2016   BT701.9.M56 46500009939 03/11/2016 03/11/2016 Monograph ( Printed materials)

 

Arrupe Library. PO Box MP320 Mt Pleasant, Harare, Zimbabwe
263 242 745411|librarian@aju.ac.zw